| 000 | 02010nam a2200229Ia 4500 | ||
|---|---|---|---|
| 003 | Ost | ||
| 005 | 20260507075459.0 | ||
| 008 | 260507s9999||||xx |||||||||||||| ||und|| | ||
| 020 | _a9789961010839 | ||
| 040 | _cfsecg | ||
| 041 | _aara | ||
| 082 | _a330 | ||
| 100 |
_aمكيد، علي _eمؤلف |
||
| 245 | 0 |
_aالإقتصاد القياسي : _bدروس ومسائل محلولة / _c علي مكيد |
|
| 250 | _aطبعة 3 | ||
| 260 |
_aالجزائر: _bديوان المطبوعات الجامعية, _c2017 |
||
| 300 |
_a398 صفحة؛ _bإيضاحات ؛ _c22 سم |
||
| 504 | _aالمراجع ص.397 الجداول ص.393 | ||
| 520 | _aيضم هذا الكتاب تكوين النماذج الإقتصادية و إتخاذ القرار الخاص بإختيار هذه النماذج و تخصيصها, و تقدير كل من نماذج الإنحدار البسيط, نماذج الإنحدار المتعدد, نماذج المعادلات الآنية و النماذج الدينامكية, وتفسير و تحليل النتائج المحصل عليها بإستخدام النماذج القياسية المختلفة, كما تطرق لتقييم الآثار السلبية لبعض الظواهر الإحصائية التي تصادف الباحث القياسي عند إجراء العمليات التقديرية المختلفة و معرفة كيفية معالجتها, و إستخدام النماذج القياسية البسيطة و المتعددة, ذات المعادلة الواحدة أو التي تتضمن أكثر من معادلة في عمليات الإستطلاع و التوقع, و قد أرفق بعدد من المسائل و التمارين المحلولة و الغير محلولة التي تهدف إلى مساعدة الطالب على تعميق معارفه النظرية و تمكينه من فهم هذه المادة بفعالية و بأقل عناء ممكن. | ||
| 653 | _aالاقتصاد القياسي | ||
| 942 | _cكتاب | ||
| 999 |
_c44686 _d44686 |
||